In Quest of Indian Folktales (Record no. 192468)

MARC details
000 -LEADER
fixed length control field 00499nam a2200205Ia 4500
008 - FIXED-LENGTH DATA ELEMENTS--GENERAL INFORMATION
fixed length control field 240823s9999||||xx |||||||||||||| ||und||
020 ## - INTERNATIONAL STANDARD BOOK NUMBER
International Standard Book Number 978-81-250-3450-6
082 ## - DEWEY DECIMAL CLASSIFICATION NUMBER
-- 398.20654 P9
100 ## - MAIN ENTRY--PERSONAL NAME
Personal name Pandit Ram Gharib Chaube
245 #0 - TITLE STATEMENT
Title In Quest of Indian Folktales
250 ## - EDITION STATEMENT
Edition statement 1st
260 ## - PUBLICATION, DISTRIBUTION, ETC. (IMPRINT)
Date of publication, distribution, etc 2009
Name of publisher, distributor, etc Orient Blac
500 ## - GENERAL NOTE
General note YES
650 ## - SUBJECT ADDED ENTRY--TOPICAL TERM
Topical term or geographic name as entry element Indian Folktales
700 ## - ADDED ENTRY--PERSONAL NAME
Personal name William Crooke
942 ## - ADDED ENTRY ELEMENTS (KOHA)
Item type Books
Holdings
Withdrawn status Lost status Damaged status Permanent location Current location Date acquired Source of acquisition Cost, normal purchase price Full call number Barcode Date last seen Koha item type
      CENTRAL LIBRARY, NOORUL ISLAM CENTRE FOR HIGHER EDUCATION CENTRAL LIBRARY, NOORUL ISLAM CENTRE FOR HIGHER EDUCATION 10/06/2012 Sudarsan Books 695.00 398.20654 P9 44486 08/23/2024 Books
Visitors:
Copyright © 2024 Central Library NICHE.  All rights reserved.